Bad Reviews (Lyrics)- Sabrina Carpenter - Statistics

General Stats
  • This quiz has been taken 94 times
  • The average score is 133 of 155
Answer Stats
Answer % Correct
I
100%
the
100%
you
100%
in
98%
to
98%
an
95%
and
95%
And
95%
bad
95%
I've
95%
all
93%
All
93%
heard
93%
news
93%
reviews
93%
your
93%
be
90%
love
90%
them
90%
too
90%
with
90%
feelings
88%
had
88%
it's
88%
me
88%
my
88%
so
88%
So
88%
are
85%
boy
85%
boyfriend
85%
choose
85%
even
85%
got
85%
not
85%
of
85%
still
85%
Still
85%
can't
83%
If
83%
I'm
83%
well
83%
who
83%
alone
80%
Been
80%
blue
80%
But
80%
flags
80%
for
80%
like
80%
long
80%
red
80%
someone
80%
you're
80%
another
78%
close
78%
cut
78%
eye
78%
friends
78%
gut
78%
loose
78%
lose
78%
out
78%
somethin'
78%
almost
76%
Couple
76%
doesn't
76%
prove
76%
that's
76%
want
76%
good
73%
save
73%
fresh
71%
self-awareness
71%
wrong
71%
again
68%
any
68%
rehab
68%
careless
66%
Just
66%
tryna
66%
'Cause
63%
refuse
61%
intentionally
59%
least
59%
Short
56%
baths
51%
fuse
49%
judgment
46%
Ooh
37%
No matching quizzes found
Score Distribution
Percent of People with Each Score
Percentile by Number Answered
Your Score History
You have not taken this quiz